| 000 | 00736cab a2200217 4500 | ||
|---|---|---|---|
| 001 | ABS39490 | ||
| 008 | 090401t1988 xxu||||| |||| 00| 0 eng d | ||
| 035 | _a(Sirsi) u17124 | ||
| 041 | _aeng | ||
| 100 | _aPriday, C. | ||
| 245 | _aQuota laws cause confusion | ||
| 260 | _c1988 | ||
| 350 | _a0 | ||
| 490 |
_aChartered Surveyor Weekly _v24(2) 14 July 1988, 52(1) |
||
| 520 | _aDiscusses the problems of calculating standard quota for the payment of compensation , with particular reference to the recent case Grounds v AG for Duchy of Lancaster and Holmes Shrewsbury County Court 17 May 1988 (See WB2422-02). | ||
| 650 | _aMILK QUOTAS | ||
| 690 | _aRURAL PRACTICE | ||
| 700 | _aCarter, D | ||
| 942 | _n0 | ||
| 948 | _c04/03/1997 | ||
| 999 |
_c11352 _d11352 |
||